| 000 | 00886nam a22002535i 4500 | ||
|---|---|---|---|
| 001 | 11999 | ||
| 003 | ES-MaACL | ||
| 005 | 20240118210050.0 | ||
| 007 | t| | ||
| 008 | 930407s1993 sp ||||0| spa j | ||
| 020 | _a84-87422-28-4 | ||
| 040 |
_aM-BN _bspa _cM-BN |
||
| 080 | _a860-14"19" | ||
| 100 | 1 |
_aGómez y Vichares, Vicente. _958195 |
|
| 245 | 1 | 0 |
_aComo pájaro herido / _cVicente Gómez y Vichares ; [edición a cargo de Juan Ruiz de Torres ; dibujos de Rafael Pi Belda]. |
| 260 |
_aVillanueva de la Cañada, Madrid : _bAltorrey, _c1992 [i.e.1993 ] |
||
| 300 |
_a52 p : _bil ; _c21 cm. |
||
| 490 | 1 | _aColección Ariadna | |
| 700 | 1 |
_aRuiz de Torres, Juan, _d1931-2014 _9155342 |
|
| 700 | 1 |
_aPi Belda, Rafael. _991717 |
|
| 830 | 0 |
_aColección Ariadna _9178250 |
|
| 852 |
_aES-MaACL _jL-19307 _bR.121330 _q. - Ded. autógr. del autor |
||
| 999 |
_c11999 _d11999 |
||